000 00959namaa2200313 cb4500
001 BV005305351
003 DE-70
005 20251205121128.0
006 m|||| o||u| ||||||
007 tu
007 7
008 920527s1980 a||| |||| 00||| und d
020 _a9783657797370
_9978-3-657-79737-0
024 _a9783657797370
_a978-3-657-79737-0
040 _cRU-10907106
041 _ager
100 _aMadotto, Silvia
_4aut
_967808
245 _aWiderstand zwischen Nation und Europa
_bDie Universitäten Paris, Berlin und Padua im Zweiten Weltkrieg
250 _a2025
264 _aWürzburg
_bBrill | Schöningh; Brill Deutschland GmbH
_c2025
300 _a496 Seiten
336 _2rdacontent
_aText
_btxt
337 _2rdamedia
_aComputermedien
_bbc
338 _2rdacarrier
_aOnline Ressource
_bcr
500 _aE-Book / Zugriff nur im Lesesaal
520 _a
856 _zVolltext
_uhttps://doi.org/10.30965/9783657797370
942 _cEB
_2z
999 _c73301
_d73301